People on Time Covers 2011 - Statistics

General Stats
  • This quiz has been taken 20 times
  • The average score is 13 of 27
Answer Stats
Hint Persons % Correct
American politician who served as the 44th president of the United States from 2009 to 2017. He was the first African-American president in U.S. history. Barack Obama
100%
American lawyer, politician, and statesman who served as the 16th president of the United States from 1861 until his assassination in 1865. He led the United States through the American Civil War, Abraham Lincoln
87%
American politician and diplomat who served as the 67th United States secretary of state, as a U.S. senator representing New York from 2001 to 2009, and as the first lady of the U.S. from 1993 to 2001. She was the Democratic party's nominee in the 2016 U.S. presidential election. Hilary Clinton
87%
American politician, commentator, author, and reality television personality who served as the governor of Alaska from 2006 until her resignation in 2009. She was the 2008 Republican vice presidential nominee alongside U.S. Senator John McCain. Sarah Palin
80%
American businessman, inventor, and investor best known for co-founding the technology giant Apple Inc. He passed away in 2011. Steve Jobs
80%
American politician, businessman, and lawyer who has served as the junior United States senator from Utah since 2019. He served as the 70th governor of Massachusetts from 2003 to 2007 and was the Republican Party's nominee for president of the United States in the 2012 election. Mitt Romney
73%
Saudi-born Islamic dissident and militant leader who was the founder and first general emir of al-Qaeda from 1988 until his death in 2011. He is most widely known as the mastermind of the September 11 attacks. Osama bin Laden
73%
Current Prince of Wales, he married Kate Middleton in 2011. Prince William
73%
American Founding Father, military officer, politician and statesman who served as the first president of the United States from 1789 to 1797. George Washington
60%
American politician and actor who served as the 40th president of the United States from 1981 to 1989. Ronald Reagan
60%
Australian-born American business magnate, investor, and media proprietor. Through his company News Corp, he is the owner of hundreds of local, national, and international publishing outlets around the world, including The Wall Street Journal, New York Post, HarperCollins, and the television broadcasting channels Sky News Australia and Fox News. He was also the owner of Sky and 21st Century Fox. Rupert Murdoch
60%
Libyan revolutionary, politician and political theorist who ruled Libya from 1969 until his killing in 2011 by NATO-backed rebel forces. Mummar Gaddafi
53%
Italian media tycoon and politician who served as the prime minister of Italy in four governments from 1994 to 1995, 2001 to 2006 and 2008 to 2011. Silvio Berlusconi
53%
Russian politician and former intelligence officer who is the President of Russia. He has held continuous positions as president or prime minister since 1999. Vladimir Putin
47%
Turkish-American television presenter, physician, author, and professor emeritus of cardiothoracic surgery at Columbia University. Made famous by Oprah. Mehmet Oz
40%
American politician and author who served as the 50th speaker of the United States House of Representatives from 1995 to 1999. In 2012, he unsuccessfully ran for the Republican nomination for president. Newt Gingrich
33%
Turkish politician who is the 12th and current president of Turkey since 2014. He previously served as the prime minister of Turkey from 2003 to 2014. Co-founded the Justice and Development Party. Recep Tayyip Erdoğan
33%
American politician who served as the 14th United States secretary of energy from 2017 to 2019. He previously served as the 47th governor of Texas from 2000 to 2015 and ran unsuccessfully for the Republican nomination for President of the United States in the 2012 and 2016 elections. Rick Perry
33%
American lawyer who served as the sixth director of the Federal Bureau of Investigation (FBI) from 2001 to 2013. Later appointed as special counsel overseeing an investigation into allegations of Russian interference in the 2016 U.S. presidential election. Robert Mueller
33%
American author, activist, physician and politician who served as a U.S. House representative from 1976 to to 2013. On three occasions, he sought the presidency of the United States: as the Libertarian Party nominee in 1988 and as a candidate for the Republican nominiation in 2008 and 2012 Ron Paul
33%
Burmese politician, diplomat, author, and a 1991 Nobel Peace Prize laureate who served as State Counsellor of Myanmar and Minister of Foreign Affairs from 2016 to 2021. She played a vital role in Myanmar's transition from military junta to partial democracy in the 2010s. Aung San Suu Kyi
20%
American businessman and Tea Party movement activist in the Republican Party. Ran unsuccessfully for the Republican presidential nomination in the 2012 election. Co-chairman of Black Voices for Trump in the 2020 election cycle. Herman Cain
20%
American businessman, diplomat, and politician who served as the 16th governor of Utah from 2005 to 2009. Ran to become the Republican nominee for the 2012 election. Jon Huntsman Jr
20%
American politician who was the U.S. representative for Minnesota's 6th congressional district from 2007 until 2015. She was a candidate for the Republican nomination for president in the 2012 election. Michelle Bachmann
20%
American politician, attorney, author, and political commentator who represented Pennsylvania in the United States Senate from 1995 to 2007. He ran unsuccessfully for the Republican presidential nomination in the 2012 election. Rick Santorum
20%
American mass murderer who pled guilty to 19 charges of murder and attempted murder in connection with the January 8, 2011, Tucson shooting, in which he shot and severely injured U.S. Representative Gabby Giffords, and killed six people, Jared Lee Loughner
13%
American attorney, businessman, and politician who served as the 39th governor of Minnesota from 2003 to 2011. He unsuccessfully ran for the Republican presidential nomination in the 2012 presidential election Tim Pawlently
0%
No matching quizzes found
Score Distribution
Percent of People with Each Score
Percentile by Number Answered
Your Score History
You have not taken this quiz